header

Magnetic resonance imaging for groundwater / (Record no. 81415)

MARC details
000 -LEADER
fixed length control field 01743nam a2200397 i 4500
001 - CONTROL NUMBER
control field ebr10814697
003 - CONTROL NUMBER IDENTIFIER
control field CaPaEBR
006 - FIXED-LENGTH DATA ELEMENTS--ADDITIONAL MATERIAL CHARACTERISTICS--GENERAL INFORMATION
fixed length control field m o d
007 - PHYSICAL DESCRIPTION FIXED FIELD--GENERAL INFORMATION
fixed length control field cr cn|||||||||
008 - FIXED-LENGTH DATA ELEMENTS--GENERAL INFORMATION
fixed length control field 131223s2013 enka ob 001 0 eng d
020 ## - INTERNATIONAL STANDARD BOOK NUMBER
Cancelled/invalid ISBN 9781848215689
International Standard Book Number 9781118649466 (e-book)
040 ## - CATALOGING SOURCE
Original cataloging agency CaPaEBR
Language of cataloging eng
Description conventions rda
-- pn
Transcribing agency CaPaEBR
050 14 - LIBRARY OF CONGRESS CALL NUMBER
Classification number GB1003
Item number .L448 2013eb
082 04 - DEWEY DECIMAL CLASSIFICATION NUMBER
Classification number 551.49
Edition number 23
100 1# - MAIN ENTRY--PERSONAL NAME
Personal name Legtchenko, Anatoly.
245 10 - TITLE STATEMENT
Title Magnetic resonance imaging for groundwater /
Statement of responsibility, etc Anatoly Legtchenko.
264 #1 - PRODUCTION, PUBLICATION, DISTRIBUTION, MANUFACTURE, AND COPYRIGHT NOTICE
Place of production, publication, distribution, manufacture London, England ;
-- Hoboken, New Jersey :
Name of producer, publisher, distributor, manufacturer ISTE :
-- Wiley,
Date of production, publication, distribution, manufacture, or copyright notice 2013.
Date of production, publication, distribution, manufacture, or copyright notice �2013
300 ## - PHYSICAL DESCRIPTION
Extent 1 online resource (170 pages) :
Other physical details illustrations.
336 ## - CONTENT TYPE
Content type term text
Source rdacontent
337 ## - MEDIA TYPE
Media type term computer
Source rdamedia
338 ## - CARRIER TYPE
Carrier type term online resource
Source rdacarrier
490 1# - SERIES STATEMENT
Series statement Focus Environmental Engineering Series
504 ## - BIBLIOGRAPHY, ETC. NOTE
Bibliography, etc Includes bibliographical references and index.
588 ## - SOURCE OF DESCRIPTION NOTE
Source of description note Description based on print version record.
590 ## - LOCAL NOTE (RLIN)
Local note Electronic reproduction. Palo Alto, Calif. : ebrary, 2015. Available via World Wide Web. Access may be limited to ebrary affiliated libraries.
650 #0 - SUBJECT ADDED ENTRY--TOPICAL TERM
Topical term or geographic name as entry element Groundwater.
Topical term or geographic name as entry element Hydraulic engineering.
Topical term or geographic name as entry element Imaging systems in geophysics.
655 #0 - INDEX TERM--GENRE/FORM
Genre/form data or focus term Electronic books.
776 08 - ADDITIONAL PHYSICAL FORM ENTRY
Display text Print version:
Main entry heading Legtchenko, Anatoly.
Title Magnetic resonance imaging for groundwater.
Place, publisher, and date of publication London, England ; Hoboken, New Jersey : ISTE ; Wiley, c2013
Physical description vi, 157 pages
Series data for related item Focus series in environmental engineering.
International Standard Book Number 9781848215689
Record control number 2013948059
797 2# - LOCAL ADDED ENTRY--CORPORATE NAME (RLIN)
Corporate name or jurisdiction name as entry element ebrary.
830 #0 - SERIES ADDED ENTRY--UNIFORM TITLE
Uniform title Focus series in environmental engineering.
856 40 - ELECTRONIC LOCATION AND ACCESS
Uniform Resource Identifier <a href="http://site.ebrary.com/lib/rucke/Doc?id=10814697">http://site.ebrary.com/lib/rucke/Doc?id=10814697</a>
Public note An electronic book accessible through the World Wide Web; click to view

No items available.

© 2026 Rongo University
Contact us: librarian | system librarian | Rongo university